LEADER 01197nam a2200277 i 4500 001 000000125831 003 CaOOAMICUS 005 20250711145102.0 008 080731s1953 it u000 u ita u 013 $a98532 040 $aSeMil$bita 100 1 $aKant, Immanuel,$d<1724-1804>.$0(OLS)http://semarc/name/2543 245 10$aScritti precritici /$cEmmanuele Kant ; a cura di Pantaleo Carabellese. 250 $aNuova ed. riveduta e accresciuta. 260 $aBari :$bLaterza & Figli,$c1953. 300 $aXXVIII, 447 p. ;$c22 cm. 490 0 $aClassici della filosofia moderna : collana di testi e di traduzioni ;$v23 700 1 $aHohenemser, Rolf.$0(OLS)http://semarc/name/52256 700 1 $aAssunto, Rosario <1915-1994>.$0(OLS)http://semarc/name/7338 700 1 $aCarabellese, Pantaleo.$0(OLS)http://semarc/name/29099 830 0$aClassici della filosofia moderna ;$v23.$0(OLS)http://semarc/title/6919 850 $aSeMil 852 $aSeMil$W1$xVenegono$y1$m2P III 651$j80232$B80232$CSeMilBibl$Z2$F82437 $81 996 $6245$aScritti precritici$9(OLS)http://semarc/title/185345 996 $6260$aBari :$bLaterza & Figli$9(OLS)http://semarc/publisher/29663 LEADER 00662naa a2200157 i 4500 001 000000293726 003 CaOOAMICUS 005 20180831172452.0 008 180831n xx u000 u und u 013 $a967 040 $aSeMil$bita 100 1 $aRizzi, Armido,$d<1933-2020>.$0(OLS)http://semarc/name/4571 245 10$aEsodo e teologia politica. 650 4$aBibbia. Antico Testamento. Esodo - Commentari, studi, critica, interpretazioni.$0(OLS)http://semarc/subject/6072 773 0 $tTeologia politica.$dBologna : EDB, 1991.$kScienze religiose / Istituto trentino di cultura$z88-10-40366-5$w()42298 996 $6245$aEsodo e teologia politica$9(OLS)http://semarc/title/369815